banner koha

Agronomic performance of arugula/nira intercropping in different cultivation arrangements (Registro n. 337925)

MARC details
000 -LÍDER
fixed length control field 03920nab a2200325 i 4500
003 - CÓDIGO MARC DA AGÊNCIA CATALOGADORA
Campo de controle BR-BrBNA
005 - DATA E HORA DA ÚLTIMA ATUALIZAÇÃO
Campo de controle 20250901100949.0
008 - CAMPO DE TAMANHO FIXO
fixed length control field 250901b2020 bl.qr|pooa||| 00| 0 eng |
040 ## - FONTE DA CATALOGAÇÃO
Agência catalogadora BR-BrBNA
Idioma da catalogação eng
072 ## - CATEGORIA AGRIS
Código AGRIS F08
Código do objeto 1690
100 ## - ENTRADA PRINCIPAL - NOME PESSOAL
Nome pessoal Guimarães, Marcelo de Almeida
100 ## - ENTRADA PRINCIPAL - NOME PESSOAL
Nome pessoal Lima Neto, Benedito Pereira
100 ## - ENTRADA PRINCIPAL - NOME PESSOAL
Nome pessoal Lemos Neto, Hozano de Souza
100 ## - ENTRADA PRINCIPAL - NOME PESSOAL
Nome pessoal Hendges, Ana Régia Alves de Araújo
100 ## - ENTRADA PRINCIPAL - NOME PESSOAL
Nome pessoal Viana, Caris dos Santos
100 ## - ENTRADA PRINCIPAL - NOME PESSOAL
Nome pessoal Rabelo, Janiquelle da Silva
245 ## - TÍTULO PRINCIPAL
Título principal Agronomic performance of arugula/nira intercropping in different cultivation arrangements
500 ## - NOTA GERAL
Nota geral <br/>Publicação online; 25 ref.; 4 tables; Summaries (En, Pt)
942 ## - ADDED ENTRY ELEMENTS (KOHA)
Koha item type Analítica
520 ## - NOTA DE RESUMO
Nota de conteúdo <br/><br/><br/>ABSTRACT: Spatial planning of cultivation arrangements is essential to ensure the superiority of intercropping when compared with monocrop. Thus, the aim of this study was to evaluate the agronomic performance of arugula/nira intercropping in different cultivation arrangements. The experiment was carried out in a randomized block design, in a split plot scheme, the plots represented the cultivation arrangements and the subplots the production cycles (winter and spring). The arrangements were T1 = arugula monoculture; T2 = two rows of arugula alternating with three rows of nira (2R:3N); T3 = two rows of arugula alternating with two rows of nira (2R:2N); T4 = two rows of arugula alternating with one row of nira (2R:1N); T5 = nira monoculture. Productive traits and agronomic performance indexes of the intercropping systems were evaluated. Single arugula cultivation and 2R:1N intercropping achieved similar productivity, 2R:1N intercropping showed the highest productive efficiency, with land-use efficiency of 1.16%, though arugula showed a relative contribution of 84.3% in production yield of the system. We concluded that 2R:1N intercropping can be used to optimize the use of productive inputs in arugula cultivation. <br/><br/><br/>Keywords: Eruca sativa, Allium tuberosum, efficient use of land, productivity
520 ## - NOTA DE RESUMO
Nota de conteúdo <br/><br/><br/>RESUMO: O planejamento espacial dos arranjos de cultivo é fundamental para garantir a superioridade do consórcio em relação ao monocultivo. Assim, objetivou-se avaliar o desempenho agronômico do consórcio rúcula e nirá em diferentes arranjos de cultivo. O experimento foi conduzido no delineamento em blocos casualizados, em esquema de parcela subdividida, com as parcelas sendo os arranjos de cultivo e as subparcelas os ciclos de produção (inverno e primavera). Os arranjos foram T1 = monocultivo de rúcula; T2 = duas linhas de rúcula alternadas com três de nirá (2R:3N); T3 = duas linhas de rúcula alternadas com duas de nirá (2R:2N); T4 = duas linhas de rúcula alternadas com uma de nirá (2R:1N); T5 = monocultivo de nirá. Foram avaliadas as características produtivas e os índices de desempenho agronômico dos consórcios. A rúcula solteira e o cultivo consorciado 2R:1N alcançaram produtividade semelhante, porém o cultivo consorciado 2R:1N foi o que apresentou maior eficiência produtiva, com uso eficiente da terra (UET) de 1,16%, tendo a rúcula uma contribuição relativa de 84,3% no rendimento produtivo do sistema. O cultivo consorciado 2R:1N pode ser utilizado para a maior otimização no uso dos insumos produtivos em cultivo de rúcula.<br/><br/><br/><br/>Palavras-chave: Eruca sativa, Allium tuberosum, uso eficiente da terra, produtividade.
650 ## - ASSUNTO - THESAGRO
Cabeçalho tópico ou nome geográfico RÚCULA
650 ## - ASSUNTO - THESAGRO
Cabeçalho tópico ou nome geográfico HORTALIÇA FOLHOSA
650 ## - ASSUNTO - THESAGRO
Cabeçalho tópico ou nome geográfico SISTEMA DE CULTIVO
650 ## - ASSUNTO - THESAGRO
Cabeçalho tópico ou nome geográfico CONSORCIAÇÃO DE CULTURA
650 ## - ASSUNTO - THESAGRO
Cabeçalho tópico ou nome geográfico PRODUTIVIDADE
773 0# - ENTRADA ANALÍTICA
Host Biblionumber 1047
Registro do item 357515
Imprenta Brasília-DF Sociedade de Olericultura do Brasil 1983
Outro identificador 2025-5480
Título Horticultura Brasileira (Brazil)
ISSN 0102-0536
Colação v. 38(3) p. 329-333; (2020)
Número de controle de registro BR2025002828
856 ## - ACESSO E ENDEREÇO ELETRÔNICO
Identificador uniforme de recurso - URI https://www.scielo.br/j/hb/a/hkyGvnJ8fxhtS4vSmCHfsPw/?format=pdf&lang=en

Nenhum exemplar disponível.

BINAGRI

Telefone: (61)3218-2567/2388/3357/2097 - binagri@agro.gov.br

Ministério da Agricultura e Pecuária , Esplanada dos Ministérios, Bloco D, Anexo B, Brasília/DF, CEP: 70.043-900